00487nam a2200193 a 4500001001300000003000900013005001700022008004100039020000900080082001600089100002100105245002000126260005400146300000900200500003500209505001700244650001100261700002100272nice12345678IN_TiNIC20260116015201.0050524s1997 hyda grp 000 0 urd  ac4000a297.4bMUH5 aMuhammad, Ghulam aKalaam-E-ghulam aHyderabad bMarkazi Anjuman Taleemus Salat c1997 a208p aincludes index and biblioraphy2 aBibliography aSufism1 aMuhammad, Ghulam